书目信息 |
| 题名: |
中国历史文献学
|
|
| 作者: | 曾贻芬 , 崔文印 著 | |
| 分册: | ||
| 出版信息: | 北京 学苑出版社 2001 |
|
| 页数: | 243页 | |
| 开本: | 21cm | |
| 丛书名: | 学苑文丛 | |
| 单 册: | ||
| 中图分类: | G257.35 | |
| 科图分类: | ||
| 主题词: | 史籍--文献学--中国 , 史籍 , 文献学 | |
| 电子资源: | ||
| ISBN: | 7-80060-028-9 | |
| 000 | 00819oam2 2200277 450 | |
| 001 | 1255415702 | |
| 005 | 20121005152434.60 | |
| 010 | @a7-80060-028-9@dCNY16.00 | |
| 100 | @a20011213d2001 em y0chiy0110 ea | |
| 101 | 0 | @achi |
| 102 | @aCN@b110000 | |
| 105 | @ay z 000yy | |
| 200 | 1 | @a中国历史文献学@Azhong guo li shi wen xian xue@f曾贻芬, 崔文印著 |
| 210 | @a北京@c学苑出版社@d2001 | |
| 215 | @a243页@d21cm | |
| 225 | 2 | @a学苑文丛 |
| 330 | @a本书主要探讨了历史文献与历史文献学、文献的著录、文献的版本、文献的注释以及文献的辨伪等内容。 | |
| 461 | 0 | @12001 @a学苑文丛 |
| 606 | 0 | @a史籍@x文献学@y中国 |
| 606 | 0 | @a史籍 |
| 606 | 0 | @a文献学 |
| 690 | @aG257.35@v4 | |
| 701 | 0 | @a曾贻芬@Azeng yi fen@4著 |
| 701 | 0 | @a崔文印@Acui wen yin@4著 |
| 801 | 0 | @aCN@bNLC@c20101222 |
| 905 | @a10447@dG257.35@eJY29 | |
| 中国历史文献学/曾贻芬, 崔文印著.-北京:学苑出版社,2001 |
| 243页;21cm.-(学苑文丛) |
| ISBN 7-80060-028-9:CNY16.00 |
| 本书主要探讨了历史文献与历史文献学、文献的著录、文献的版本、文献的注释以及文献的辨伪等内容。 |
| ● |
| 相关链接 |
|
|
|
|
正题名:中国历史文献学
索取号:G257.35/JY29
 
预约/预借
| 序号 | 登录号 | 条形码 | 馆藏地/架位号 | 状态 | 备注 |
| 1 | 7814611 | 278146114 | 学院路分馆/ [索取号:G257.35/JY29] | 在馆 | |
| 2 | 7814612 | 278146123 | 学院路分馆/ [索取号:G257.35/JY29] | 在馆 | |
| 3 | 7814613 | 278146132 | 学院路分馆/ [索取号:G257.35/JY29] | 在馆 |